000 00384nam a22001697a 4500
005 20160622113603.0
008 160622b xxu||||| |||| 00| 0 eng d
020 _a81-85814-10-4
041 _aeng
082 _b8981
100 _aMenon, K.S.
_92479
245 _aPurchasing and Inventory Control
260 _bWheeler
300 _a505
650 _aManagement
_9241
942 _cBK
999 _c3522
_d3521